004290000a22001570004500020001800000082001000018245001100028260003400039300002100073440002600094650001100120001000500131942000800136952011000144999001700254 a970-718-156-704aEi68p10aPerros aMéxico : Advanced Marketing a18 Pag. / 10 cm. 0aBaby Einstein Company14aPERROS1246 cLGB 0010304070aBINCObBINCOd2008-07-10l0oEi68p pB31612r2016-11-24 00:00:00t1w2016-01-26yLGBB0C3 c48417d48417